Juegos y deportes cooperativos. Desafíos divertidos sin competición /
Uloženo v:
| Hlavní autor: | |
|---|---|
| Médium: | Kniha |
| Jazyk: | Spanish |
| Vydáno: |
Madrid, España
Editorial Popular
1986
|
| Edice: | Papel de prueba
|
| Témata: | |
| Tagy: |
Přidat tag
Žádné tagy, Buďte první, kdo vytvoří štítek k tomuto záznamu!
|
MARC
| LEADER | 00000nam a22000007a 4500 | ||
|---|---|---|---|
| 003 | cru CIDCACS/IIS | ||
| 005 | 20221026104001.0 | ||
| 008 | 180601b1986 es |||||||||||||| ||spa|| | ||
| 020 | |a 84-86524-02-4 | ||
| 040 | |c cru CIDCACS/IIS | ||
| 090 | |a 13.08.01 O71j | ||
| 100 | 1 | |9 7325 |a Orlich, Terry | |
| 245 | 1 | 0 | |a Juegos y deportes cooperativos. |b Desafíos divertidos sin competición / |c Terry Orlich |
| 260 | |a Madrid, España |b Editorial Popular |c 1986 | ||
| 300 | |a 142 páginas | ||
| 440 | 0 | |9 7326 |a Papel de prueba | |
| 500 | |a Colección Alforja | ||
| 650 | 1 | 7 | |9 4508 |a DEPORTES |
| 650 | 1 | 7 | |9 7327 |a JUEGOS |
| 650 | 1 | 0 | |9 1436 |a TRABAJO EN GRUPO |
| 942 | |2 ddc |c LI | ||
| 999 | |c 41502 |d 41502 | ||



